The politics of right to work : the labor federations as special interests, 1943-1979 /

Bibliographic Details
Main Author: Gall, Gilbert J.
Format: Book
Language:English
Published: New York : Greenwood Press, 1988.
Series:Contributions in labor studies ; no. 24.
Subjects:

MARC

Tag First Indicator Second Indicator Subfields
LEADER 00000cam a2200000 a 4500
001 in00000026109
005 20151007055818.0
008 871002s1988 nyu b 00110 eng
010 |a  87029564  
020 |a 0313249105 (lib. bdg. : alk. paper) 
035 |a (OCoLC)16873084 
035 |9 AAB9323AM 
040 |a DLC  |c DLC  |d TXA  |d UtOrBLW 
043 |a n-us--- 
049 |a TXAM  |c [A11496643] 
050 0 0 |a HD4903.5.U58  |b G34 1988 
082 0 |a 331.88/92  |2 19 
100 1 |a Gall, Gilbert J. 
245 1 4 |a The politics of right to work :  |b the labor federations as special interests, 1943-1979 /  |c Gilbert J. Gall. 
264 1 |a New York :  |b Greenwood Press,  |c 1988. 
300 |a xiii, 244 pages ;  |c 25 cm. 
336 |a text  |b txt  |2 rdacontent 
337 |a unmediated  |b n  |2 rdamedia 
338 |a volume  |b nc  |2 rdacarrier 
490 1 |a Contributions in labor studies,  |x 0886-8239 ;  |v no. 24 
504 |a Includes bibliographies and index. 
650 0 |a Right to labor  |x Political aspects  |z United States. 
650 0 |a Labor unions  |x Political activity  |z United States. 
830 0 |a Contributions in labor studies ;  |v no. 24. 
999 |a MARS 
999 f f |s caf668ea-3087-3a6b-b43d-2af0bc2934cc  |i dda33ee3-c473-3943-80cf-515613995d67  |t 0 
952 f f |p ric  |a Texas A&M University  |b Rellis Campus  |c Joint Library Facility  |d Remote Storage  |t 0  |e HD4903.5.U58 G34 1988  |h Library of Congress classification  |i unmediated -- volume  |m A14811496643 
998 f f |a HD4903.5.U58 G34 1988  |t 0  |l Remote Storage